Linkages between equity and global food markets: new evidence from including structural changes

Nové spoľahlivé dôkazy o vzťahu medzi akciovými a potravinovými trhmi z hľadiska prenosu (prelievania) šokov a volatility a štruktúry závislostí po zohľadnení dôležitosti štrukturálnych zlomov - hĺbková analýza pomocou niekoľkých ekonometrických procedúr na údajoch z obdobia 2005-2012.

Salvato in:
Dettagli Bibliografici
Autore principale: Alshogeathri, Mofleh
Altri autori: Jouini, Jamel Habib
Natura: Capitolo di libro
Lingua:inglese
Soggetti:
Tags: Aggiungi Tag
Nessun Tag, puoi essere il primo ad aggiungerne!!

MARC

LEADER 00000nla a2200000 4500
001 0234537
005 20240417075123.2
041 0 |a eng 
044 |a CZ 
245 1 0 |a Linkages between equity and global food markets: new evidence from including structural changes  |c Mofleh Alshogeathri, Jamel Jouini 
520 |a Nové spoľahlivé dôkazy o vzťahu medzi akciovými a potravinovými trhmi z hľadiska prenosu (prelievania) šokov a volatility a štruktúry závislostí po zohľadnení dôležitosti štrukturálnych zlomov - hĺbková analýza pomocou niekoľkých ekonometrických procedúr na údajoch z obdobia 2005-2012. 
610 2 0 |a trh akciový 
610 2 0 |a trh potravinový 
610 2 0 |a trh 
610 2 0 |a ceny 
610 2 0 |a akcie 
610 2 0 |a potraviny 
610 2 0 |a volatilita 
610 2 0 |a kríza finančná 
610 2 0 |a ekonometria 
610 2 0 |a analýza ekonometrická 
610 2 0 |a model GARCH 
610 2 0 |a spillover 
100 1 |a Alshogeathri, Mofleh 
700 1 |a Jouini, Jamel Habib